[Event "GER-ch53 V08 email"]
[Site "GER email"]
[Date "2021.04.21"]
[Round "?"]
[White "Schlenther, Marco"]
[Black "Wichert, Gerd"]
[Result "1/2-1/2"]
[WhiteElo "1791"]
[BlackElo "2132"]
[PlyCount "131"]
[EventDate "2021.04.21"]
[EventType "tourn (corr)"]
[EventRounds "10"]
[EventCountry "GER"]
[SourceTitle "Corr 2024"]
[Source "ChessBase"]
[SourceDate "2023.10.19"]
[SourceVersion "1"]
[SourceVersionDate "2023.10.19"]
[SourceQuality "1"]

1. e4 c5 2. Nf3 d6 3. d4 cxd4 4. Nxd4 Nf6 5. Nc3 a6 6. Be3 e5 7. Nb3 Be6 8. f3 h5 9. Nd5 Bxd5 10. exd5 g6 11. Qd2 Nbd7 12. 0-0-0 Nb6 13. Qa5 Bh6 14. Bxh6 Rxh6 15. Qd2 Rh8 16. Kb1 Rc8 17. Na5 Qc7 18. c4 Nbd7 19. g3 Kf8 20. Bg2 Kg7 21. Rhe1 Rhe8 22. a3 b5 23. Rc1 Qb6 24. Ka2 Rc7 25. Bf1 e4 26. f4 e3 27. Qc3 Nc5 28. Nc6 Na4 29. Qc2 Nc5 30. b4 Nce4 31. Bg2 bxc4 32. Qxc4 Rcc8 33. Rc2 h4 34. gxh4 Kh6 35. a4 Nd2 36. Qc3 Nh5 37. f5 Nf4 38. fxg6 fxg6 39. Bh1 Kh7 40. Rcc1 e2 41. Qxd2 Qe3 42. Qxe3 Rxe3 43. Kb2 Nd3+ 44. Kc2 Rce8 45. b5 Nxe1+ 46. Rxe1 Ra3 47. bxa6 Ree3 48. Nd4 Ra2+ 49. Kc1 Rc3+ 50. Kb1 Rxa4 51. Kb2 Rcc4 52. Nb3 Rxa6 53. Rxe2 Raa4 54. h5 gxh5 55. Bf3 Kg7 56. Bxh5 Rh4 57. Bf3 Rh3 58. Rg2+ Kf8 59. Rf2 Kg7 60. Nd2 Rah4 61. Nf1 Rf4 62. Nd2 Rfh4 63. Nf1 Rf4 64. Ng3 Kf6 65. Kc2 Ke5 66. Re2+ 1/2-1/2

[Event "WC-2021-S-00005"]
[Site "LSS email"]
[Date "2021.04.03"]
[Round "?"]
[White "Mroczek, Jacek"]
[Black "Schlenther, Marco"]
[Result "1/2-1/2"]
[WhiteElo "2286"]
[BlackElo "2506"]
[PlyCount "41"]
[EventDate "2021.04.03"]
[EventType "tourn (corr)"]
[EventRounds "6"]
[EventCountry "GER"]
[SourceTitle "Corr 2024"]
[Source "ChessBase"]
[SourceDate "2023.10.19"]
[SourceVersion "1"]
[SourceVersionDate "2023.10.19"]
[SourceQuality "1"]

1. d4 Nf6 2. c4 e6 3. Nc3 Bb4 4. e3 0-0 5. Bd3 c5 6. Nf3 d5 7. 0-0 Nc6 8. a3 Bxc3 9. bxc3 Re8 10. Bb2 Qc7 11. Qe2 b6 12. h3 Na5 13. cxd5 exd5 14. Ne5 Be6 15. c4 Nxc4 16. Nxc4 dxc4 17. Bxc4 Bxc4 18. Qxc4 Ne4 19. dxc5 Qxc5 20. Qe2 Qf5 21. a4 1/2-1/2

[Event "WC-2021-S-00005"]
[Site "LSS email"]
[Date "2021.04.03"]
[Round "?"]
[White "Quinones Borda, Jorge Victor"]
[Black "Schlenther, Marco"]
[Result "1/2-1/2"]
[WhiteElo "2311"]
[BlackElo "2506"]
[PlyCount "82"]
[EventDate "2021.04.03"]
[EventType "tourn (corr)"]
[EventRounds "6"]
[EventCountry "GER"]
[SourceTitle "Corr 2024"]
[Source "ChessBase"]
[SourceDate "2023.10.19"]
[SourceVersion "1"]
[SourceVersionDate "2023.10.19"]
[SourceQuality "1"]

1. c4 Nf6 2. g3 e5 3. Bg2 d5 4. cxd5 Nxd5 5. Nc3 Nb6 6. d3 Nc6 7. Be3 Be7 8. Nf3 0-0 9. 0-0 Re8 10. Rc1 Bf8 11. Ne4 h6 12. Qc2 a5 13. a3 a4 14. Rfe1 Be6 15. Nc5 Bxc5 16. Bxc5 Bb3 17. Qb1 Qd7 18. Nd2 Bd5 19. Qc2 Bxg2 20. Kxg2 Nd5 21. e4 Nde7 22. Nf3 Ng6 23. h3 Red8 24. Rcd1 b6 25. Be3 Nd4 26. Bxd4 exd4 27. Rc1 c5 28. Rb1 h5 29. b3 h4 30. bxa4 hxg3 31. fxg3 Qxa4 32. Qxa4 Rxa4 33. Rb3 Rda8 34. Ra1 R8a6 35. Rab1 Rxa3 36. Rxb6 Rxb6 37. Rxb6 Rxd3 38. Rb8+ Nf8 39. Ne5 Rd2+ 40. Kf3 f6 41. Nd7 Kf7 1/2-1/2

[Event "WC-2021-S-00005"]
[Site "LSS email"]
[Date "2021.04.03"]
[Round "?"]
[White "Schlenther, Marco"]
[Black "Mroczek, Jacek"]
[Result "1/2-1/2"]
[WhiteElo "2506"]
[BlackElo "2286"]
[PlyCount "51"]
[EventDate "2021.04.03"]
[EventType "tourn (corr)"]
[EventRounds "6"]
[EventCountry "GER"]
[SourceTitle "Corr 2024"]
[Source "ChessBase"]
[SourceDate "2023.10.19"]
[SourceVersion "1"]
[SourceVersionDate "2023.10.19"]
[SourceQuality "1"]

1. e4 c5 2. Nf3 Nc6 3. d4 cxd4 4. Nxd4 Nf6 5. Nc3 e5 6. Ndb5 d6 7. Bg5 a6 8. Na3 b5 9. Nd5 Be7 10. Bxf6 Bxf6 11. c3 0-0 12. h4 g6 13. g3 Bg7 14. Nc2 Ne7 15. Nce3 h5 16. a4 Nxd5 17. Nxd5 Be6 18. Be2 Qb8 19. 0-0 bxa4 20. Rxa4 Qxb2 21. Bc4 Qb8 22. Qd3 Qd8 23. Rb1 Kh7 24. Ne3 Bc8 25. Bxa6 d5 26. Nxd5 1/2-1/2

[Event "RM-2020-0-00229"]
[Site "LSS email"]
[Date "2020.11.23"]
[Round "?"]
[White "Schlenther, Marco"]
[Black "Sorcinelli, Andrea"]
[Result "1/2-1/2"]
[WhiteElo "2517"]
[BlackElo "2317"]
[PlyCount "58"]
[EventDate "2020.11.02"]
[EventType "tourn (corr)"]
[EventRounds "6"]
[EventCountry "GER"]
[SourceTitle "Corr 2022"]
[Source "ChessBase"]
[SourceDate "2021.10.24"]
[SourceVersion "1"]
[SourceVersionDate "2021.10.24"]
[SourceQuality "1"]

1. d4 Nf6 2. c4 e6 3. g3 d5 4. Bg2 Bb4+ 5. Bd2 Be7 6. Nf3 0-0 7. 0-0 c6 8. Qc2 b6 9. Rd1 Nbd7 10. Bf4 Bb7 11. Ne5 Nh5 12. Bd2 Nhf6 13. cxd5 cxd5 14. Nc6 Bxc6 15. Qxc6 a6 16. e3 b5 17. Rc1 Qb6 18. a4 Rfb8 19. axb5 Qxb5 20. Qxb5 axb5 21. Nc3 b4 22. Nd1 h5 23. Rxa8 Rxa8 24. Kf1 g5 25. Rc7 g4 26. Rb7 Rb8 27. Rxb8+ Nxb8 28. f3 Nc6 29. Nf2 Nd7 1/2-1/2

[Event "WC-2020-S-00003"]
[Site "LSS email"]
[Date "2020.04.01"]
[Round "?"]
[White "Koch, Christian"]
[Black "Schlenther, Marco"]
[Result "1/2-1/2"]
[WhiteElo "2303"]
[BlackElo "2527"]
[PlyCount "84"]
[EventDate "2020.04.01"]
[EventType "tourn (corr)"]
[EventRounds "12"]
[EventCountry "GER"]
[SourceTitle "Corr 2022"]
[Source "ChessBase"]
[SourceDate "2021.10.24"]
[SourceVersion "1"]
[SourceVersionDate "2021.10.24"]
[SourceQuality "1"]

1. e4 c5 2. Nf3 Nc6 3. d4 cxd4 4. Nxd4 Nf6 5. Nc3 e5 6. Ndb5 d6 7. Bg5 a6 8. Na3 b5 9. Nd5 Be7 10. Bxf6 Bxf6 11. c4 b4 12. Nc2 a5 13. g3 0-0 14. Bg2 Bg5 15. 0-0 Ne7 16. Nce3 Be6 17. Qd3 Bxe3 18. Nxe3 Qc7 19. Rad1 Rfd8 20. b3 a4 21. Rd2 Nc6 22. Rb1 Ra5 23. h4 h6 24. Kh2 axb3 25. axb3 Qe7 26. Nc2 g5 27. hxg5 Qxg5 28. Rf1 Ra2 29. f4 Qh5+ 30. Kg1 Bg4 31. Rdf2 Qg6 32. Qe3 Rb8 33. f5 Qf6 34. Rd2 Kh7 35. Rff2 Rb2 36. Rd3 Ra8 37. Qb6 Raa2 38. Qxc6 Rxc2 39. Rxc2 Rxc2 40. Qxd6 Qxd6 41. Rxd6 Rc3 42. Rb6 Rxb3 1/2-1/2

[Event "WC-2020-S-00003"]
[Site "LSS email"]
[Date "2020.04.01"]
[Round "?"]
[White "Schlenther, Marco"]
[Black "Koch, Christian"]
[Result "1/2-1/2"]
[WhiteElo "2527"]
[BlackElo "2303"]
[PlyCount "44"]
[EventDate "2020.04.01"]
[EventType "tourn (corr)"]
[EventRounds "12"]
[EventCountry "GER"]
[SourceTitle "Corr 2022"]
[Source "ChessBase"]
[SourceDate "2021.10.24"]
[SourceVersion "1"]
[SourceVersionDate "2021.10.24"]
[SourceQuality "1"]

1. d4 d5 2. c4 c6 3. Nf3 Nf6 4. Nc3 e6 5. Bg5 h6 6. Bh4 dxc4 7. e4 g5 8. Bg3 b5 9. Ne5 Nbd7 10. Be2 Bb7 11. 0-0 Bg7 12. Nxd7 Nxd7 13. Bd6 a6 14. e5 c5 15. d5 Nxe5 16. dxe6 Nd3 17. exf7+ Kxf7 18. Bxd3 cxd3 19. Qxd3 Qf6 20. Qg3 Qf5 21. f4 Bd4+ 22. Kh1 g4 1/2-1/2

[Event "WC-2020-S-00003"]
[Site "LSS email"]
[Date "2020.04.01"]
[Round "?"]
[White "Schlenther, Marco"]
[Black "Muniz Pardino, Alberto"]
[Result "1/2-1/2"]
[WhiteElo "2527"]
[BlackElo "2325"]
[PlyCount "51"]
[EventDate "2020.04.01"]
[EventType "tourn (corr)"]
[EventRounds "12"]
[EventCountry "GER"]
[SourceTitle "Corr 2022"]
[Source "ChessBase"]
[SourceDate "2021.10.24"]
[SourceVersion "1"]
[SourceVersionDate "2021.10.24"]
[SourceQuality "1"]

1. d4 Nf6 2. c4 e6 3. Nf3 d5 4. g3 Bb4+ 5. Bd2 Be7 6. Bg2 0-0 7. 0-0 c6 8. Qc2 Nbd7 9. b3 b6 10. Rd1 Ba6 11. a4 c5 12. cxd5 Nxd5 13. Nc3 Rc8 14. Qb2 Bb7 15. Nxd5 Bxd5 16. Bc3 Bf6 17. Ne5 Bxg2 18. Kxg2 cxd4 19. Bxd4 Nxe5 20. Bxe5 Bxe5 21. Qxe5 Qe7 22. Rd4 Rfd8 23. Rad1 g6 24. b4 Rxd4 25. Qxd4 Qb7+ 26. f3 1/2-1/2

[Event "WC-2020-S-00003"]
[Site "LSS email"]
[Date "2020.04.01"]
[Round "?"]
[White "Tsygankov, Evgeny Georgievich"]
[Black "Schlenther, Marco"]
[Result "1/2-1/2"]
[WhiteElo "2491"]
[BlackElo "2527"]
[PlyCount "64"]
[EventDate "2020.04.01"]
[EventType "tourn (corr)"]
[EventRounds "12"]
[EventCountry "GER"]
[SourceTitle "Corr 2022"]
[Source "ChessBase"]
[SourceDate "2021.10.24"]
[SourceVersion "1"]
[SourceVersionDate "2021.10.24"]
[SourceQuality "1"]

1. Nc3 c5 2. e4 Nc6 3. Nge2 Nf6 4. d4 cxd4 5. Nxd4 e5 6. Ndb5 d6 7. Nd5 Nxd5 8. exd5 Nb8 9. a4 Be7 10. Be2 0-0 11. 0-0 a6 12. Na3 Nd7 13. Nc4 b6 14. f4 f5 15. b3 Qc7 16. Kh1 exf4 17. Bxf4 Nc5 18. Be3 Bd7 19. a5 bxa5 20. Nxa5 Bf6 21. Bd4 Bxd4 22. Qxd4 Rae8 23. Rfe1 Qd8 24. Nc6 Qg5 25. Bf3 Ne4 26. Bxe4 Rxe4 27. Qa7 Be8 28. Qf2 Bd7 29. c4 Rfe8 30. h3 Qf6 31. Rad1 Qc3 32. Rxe4 Rxe4 1/2-1/2

[Event "ST-2018-0-00128"]
[Site "LSS email"]
[Date "2018.11.06"]
[Round "?"]
[White "Schlenther, Marco"]
[Black "Bonatti, Walter"]
[Result "1-0"]
[WhiteElo "2521"]
[BlackElo "2448"]
[PlyCount "127"]
[EventDate "2015.09.05"]
[EventType "tourn (corr)"]
[EventRounds "6"]
[EventCountry "GER"]
[SourceTitle "Corr 2022"]
[Source "ChessBase"]
[SourceDate "2021.10.24"]
[SourceVersion "1"]
[SourceVersionDate "2021.10.24"]
[SourceQuality "1"]

1. e4 c5 2. Nf3 Nc6 3. d4 cxd4 4. Nxd4 Nf6 5. Nc3 e5 6. Ndb5 d6 7. Bg5 a6 8. Na3 b5 9. Nd5 Be7 10. Bxf6 Bxf6 11. c4 b4 12. Nc2 a5 13. g3 0-0 14. Bg2 Bg5 15. b3 Ne7 16. 0-0 Nxd5 17. Qxd5 Be6 18. Qd3 Qb6 19. Rad1 Ra6 20. h4 Bh6 21. Kh2 a4 22. Bh3 axb3 23. axb3 Rfa8 24. Bxe6 fxe6 25. Ne1 Qc5 26. Kg2 g6 27. Qe2 Rf8 28. Nd3 Qc7 29. h5 Ra3 30. hxg6 hxg6 31. Rb1 Rf6 32. Nxb4 Qb7 33. Nc2 Rxb3 34. Rxb3 Qxb3 35. Rd1 Qb6 36. Ne1 Rf7 37. Nf3 Qc5 38. Qd3 Bf8 39. Rb1 Be7 40. Rb5 Qc7 41. c5 dxc5 42. Qc4 Bd6 43. Qxe6 Qd7 44. Qb3 Qe7 45. Rb6 Kg7 46. Qd5 Qf6 47. Qd1 Rd7 48. Qd3 Qe6 49. Qa6 Qe7 50. Qb5 Rc7 51. Nd2 c4 52. Qd5 c3 53. Rxd6 cxd2 54. Qxd2 Qf8 55. Qd5 Qe7 56. Re6 Qc5 57. Rxe5 Qxd5 58. Rxd5 Rc2 59. g4 Kf6 60. g5+ Ke6 61. Ra5 Rc4 62. Kf3 Rc3+ 63. Kf4 Rc2 64. f3 1-0

[Event "ST-2018-0-00128"]
[Site "LSS email"]
[Date "2018.08.07"]
[Round "?"]
[White "Domanov, Dmitry"]
[Black "Schlenther, Marco"]
[Result "1/2-1/2"]
[WhiteElo "2537"]
[BlackElo "2521"]
[PlyCount "86"]
[EventDate "2015.09.05"]
[EventType "tourn (corr)"]
[EventRounds "6"]
[EventCountry "GER"]
[SourceTitle "Corr 2022"]
[Source "ChessBase"]
[SourceDate "2021.10.24"]
[SourceVersion "1"]
[SourceVersionDate "2021.10.24"]
[SourceQuality "1"]

1. e4 c5 2. Nf3 d6 3. d4 cxd4 4. Nxd4 Nf6 5. Nc3 a6 6. h3 e5 7. Nde2 h5 8. g3 Nbd7 9. a4 b6 10. Nd5 Nxd5 11. Qxd5 Rb8 12. Nc3 Bb7 13. Qd2 Be7 14. Bg2 h4 15. 0-0 Rc8 16. Qe1 hxg3 17. fxg3 Qc7 18. Be3 Qc4 19. Qd2 Nf6 20. Qd3 Nd7 21. Rfd1 Qxd3 22. Rxd3 Rc4 23. h4 0-0 24. Rad1 Nc5 25. b3 Nxd3 26. bxc4 Nb2 27. Rb1 Nxc4 28. Bxb6 Ba8 29. Ba7 Na3 30. Rb3 Nxc2 31. Nd5 Bd8 32. Rb8 Bxd5 33. exd5 Nd4 34. Bf1 a5 35. Kf2 g6 36. Ke3 Nf5+ 37. Kf3 Kg7 38. Bb5 Nd4+ 39. Ke3 f5 40. Kd3 Bf6 41. Rxf8 Kxf8 42. Bb6 e4+ 43. Kc4 Nxb5 1/2-1/2

[Event "WC-2015-S-00002"]
[Site "LSS email"]
[Date "2018.07.11"]
[Round "?"]
[White "Schlenther, Marco"]
[Black "Claridge, John"]
[Result "1/2-1/2"]
[WhiteElo "2514"]
[BlackElo "2484"]
[PlyCount "49"]
[EventDate "2015.06.10"]
[EventType "tourn (corr)"]
[EventRounds "12"]
[EventCountry "GER"]
[SourceTitle "Corr 2024"]
[Source "ChessBase"]
[SourceDate "2023.10.19"]
[SourceVersion "1"]
[SourceVersionDate "2023.10.19"]
[SourceQuality "1"]

1. e4 e5 2. Nf3 Nc6 3. Bb5 a6 4. Ba4 Nf6 5. 0-0 Be7 6. Bxc6 dxc6 7. d3 Nd7 8. Be3 0-0 9. Nbd2 a5 10. a4 b6 11. Kh1 f6 12. Nh4 Bc5 13. Qe2 Bxe3 14. Qxe3 Kh8 15. Qg3 Rf7 16. Nf5 Nc5 17. f4 Nxe4 18. Nxe4 Bxf5 19. fxe5 fxe5 20. Qxe5 Qd5 21. Ng5 Rf6 22. Nf3 Raf8 23. Rae1 Bg4 24. Qxd5 cxd5 25. h3 1/2-1/2

[Event "WC-2015-S-00002"]
[Site "LSS email"]
[Date "2018.07.11"]
[Round "?"]
[White "Schlenther, Marco"]
[Black "Frendzas, Panayotis"]
[Result "1/2-1/2"]
[WhiteElo "2514"]
[BlackElo "2556"]
[PlyCount "75"]
[EventDate "2015.06.10"]
[EventType "tourn (corr)"]
[EventRounds "12"]
[EventCountry "GER"]
[SourceTitle "Corr 2024"]
[Source "ChessBase"]
[SourceDate "2023.10.19"]
[SourceVersion "1"]
[SourceVersionDate "2023.10.19"]
[SourceQuality "1"]

1. e4 c5 2. Nf3 d6 3. d4 cxd4 4. Nxd4 Nf6 5. Nc3 a6 6. Be3 Ng4 7. Bg5 h6 8. Bh4 g5 9. Bg3 Bg7 10. h3 Ne5 11. Nf5 Bxf5 12. exf5 Nbc6 13. Nd5 e6 14. fxe6 fxe6 15. Ne3 Qa5+ 16. c3 Nf3+ 17. Qxf3 Bxc3+ 18. Kd1 Qa4+ 19. Nc2 Bxb2 20. Rc1 Rc8 21. Bd3 Rf8 22. Qe4 Qxe4 23. Bxe4 Bxc1 24. Kxc1 Nd4 25. Re1 Kd7 26. Kd2 Nf5 27. Bxb7 Rc5 28. Bxa6 Rb8 29. Re2 Rb2 30. Kd3 d5 31. a4 Nxg3 32. fxg3 e5 33. Nd4 e4+ 34. Ke3 Rc3+ 35. Kf2 Rxe2+ 36. Bxe2 Ra3 37. Bb5+ Kd6 38. Nf5+ 1/2-1/2

[Event "WC-2015-S-00002"]
[Site "LSS email"]
[Date "2018.07.11"]
[Round "?"]
[White "Schlenther, Marco"]
[Black "Wosch, Arkadiusz"]
[Result "1-0"]
[WhiteElo "2514"]
[BlackElo "2393"]
[PlyCount "85"]
[EventDate "2015.06.10"]
[EventType "tourn (corr)"]
[EventRounds "12"]
[EventCountry "GER"]
[SourceTitle "Corr 2024"]
[Source "ChessBase"]
[SourceDate "2023.10.19"]
[SourceVersion "1"]
[SourceVersionDate "2023.10.19"]
[SourceQuality "1"]

1. e4 c5 2. Nf3 Nc6 3. d4 cxd4 4. Nxd4 Nf6 5. Nc3 d6 6. Bg5 e6 7. Qd2 a6 8. 0-0-0 Bd7 9. f4 b5 10. Bxf6 gxf6 11. Kb1 Qb6 12. Nce2 b4 13. Nxc6 Bxc6 14. f5 e5 15. Ng3 Qc5 16. b3 Ke7 17. Bc4 h5 18. h4 Bb5 19. Qe2 Bh6 20. Nxh5 Bxc4 21. bxc4 Qe3 22. Qf1 Qxe4 23. Ng3 Qc6 24. Qd3 Rhg8 25. Rhe1 Rad8 26. Ne4 Rxg2 27. Qf1 Rg4 28. Rd5 Rxh4 29. Qd3 Qb6 30. Qg3 Rxe4 31. Rxe4 Qc6 32. Qd3 Rc8 33. Qe2 Rg8 34. Rg4 Rxg4 35. Qxg4 Bf4 36. Qe2 Qb6 37. Rd1 Qc6 38. Qd3 Kd7 39. Kb2 e4 40. Qd5 Be5+ 41. Kb3 Qxd5 42. cxd5 Bc3 43. Kc4 1-0

[Event "ST-2017-0-00128"]
[Site "LSS email"]
[Date "2017.12.06"]
[Round "?"]
[White "Schlenther, Marco"]
[Black "Claridge, John"]
[Result "1/2-1/2"]
[WhiteElo "2521"]
[BlackElo "2453"]
[PlyCount "78"]
[EventDate "2015.09.05"]
[EventType "tourn (corr)"]
[EventRounds "6"]
[EventCountry "GER"]
[SourceTitle "Corr 2022"]
[Source "ChessBase"]
[SourceDate "2021.10.24"]
[SourceVersion "1"]
[SourceVersionDate "2021.10.24"]
[SourceQuality "1"]

1. d4 Nf6 2. c4 e6 3. Nf3 c5 4. d5 d6 5. Nc3 exd5 6. cxd5 g6 7. Bf4 a6 8. a4 Bg7 9. h3 0-0 10. e3 Re8 11. Nd2 Nfd7 12. Bh2 Ne5 13. Be2 f5 14. a5 Nbd7 15. 0-0 b5 16. axb6 Nxb6 17. Ra3 Bb7 18. Qb3 Nf7 19. Rfa1 Bxc3 20. bxc3 Bxd5 21. Qb1 Qc7 22. Bxa6 Reb8 23. Qd3 Ra7 24. e4 Bxe4 25. Nxe4 fxe4 26. Qxe4 Rba8 27. R3a2 Kg7 28. Qb1 Nd7 29. Qe1 Nde5 30. Qe2 Qe7 31. Bg3 h5 32. f4 Nc6 33. Qf3 Ncd8 34. Bf2 Ne6 35. Bc4 Rxa2 36. Rxa2 Rxa2 37. Bxa2 Qf6 38. Be3 Nc7 39. Bf2 Ne6 1/2-1/2